LEADER 01093nam a2200265 u 4500 001 000000117814 003 CaOOAMICUS 005 20091105105857.0 008 091105s1948 it d u000 u ita u 040 $aPUL$bita$dMCT 041 1 $aita$hger 100 1 $aFrege, Gottlob,$d1848-1925.$0(OLS)http://pul/name/53098 245 10$aAritmetica e logica /$cGottlob Frege ; traduzione e note del prof. L. Geymonat. 260 $a[Torino] :$bEinaudi,$c1948. 300 $a269 p. ;$c22 cm 490 1 $aBiblioteca di cultura scientifica ;$v18 500 $aBibliografia in nota. 650 4$aMatematica.$0(OLS)http://pul/subject/6747 650 4$aLogica matematica.$0(OLS)http://pul/subject/9225 830 0$aBiblioteca di cultura scientifica (Einaudi) ;$v18.$0(OLS)http://pul/title/84324 850 $aPUL 852 $aPUL$W1$xDP1 Filosofia 1$y19$m589 G 13$j135197$qStampati$B134165$CPULBib$Z2$F134165 $H13581 $82 941 1 $a8 996 $6245$aAritmetica e logica$9(OLS)http://pul/title/148312 996 $6260$a[Torino] :$bEinaudi$9(OLS)http://pul/publisher/50416 LEADER 01829nam a2200373 a 4500 001 000000176224 003 CaOOAMICUS 005 20231004125234.0 008 231004s2023 sp m 001 u spa r 020 $a978-84-17561-75-8* 032 $aLibriCat 040 $aPUL$bita 100 1 $aRodríguez Rodríguez, Estrella Mariana,$csuora.$0(OLS)http://pul/name/113195 245 13$aEl camino de la vida en María Zambrano, Edith Stein y Teresa de Jesús / $cEstrella Mariana Rodríguez Rodríguez . 260 $aMadrid :$bUniversidad San Damaso,$c2023. 300 $a491 p.;$b$c23 cm 490 1 $aDissertationes theologicae ;$a43 502 $aTesi di dottorato. Universidad San Damaso. Facultad de Teologia, 2023. 504 $aBibliografia : p. [479]-491. 600 04$aTheresia a Iesu,$cs.,$d1515-1582.$0(OLS)http://pul/subject/17025 600 04$aTheresia Benedicta a Cruce,$cs.,$d1891-1942$xStudi.$0(OLS)http://pul/subject/28039 600 14$aZambrano, María,$d1904-1991.$0(OLS)http://pul/subject/21150 710 1 $aUniversidad San Damaso.$pFacultad de Teologia.$kTesi.$0(OLS)http://pul/name/87051 830 0$aDissertationes theologicae (Universidad S. Damaso, Madrid) ;$v43.$0(OLS)http://pul/title/140227 850 $aPUL 852 $aPUL$W1$xDP1 Tesi Varie$y51$m2023 B 2$j200178$qTesi$B205166$CPULBib$Z2$F205166 $82 941 1 $a16 960 $aTeresa di Gesù,$cs.,$d1515-1582$917025 960 $aTeresa d'Avila,$cs.,$d1515-1582$917025 960 $aTeresia a Iesu,$cs.,$d1515-1582$917025 996 $6020$a978-84-17561-75-8*$9(OLS)http://pul/number/169392 996 $6245$aEl camino de la vida en María Zambrano, Edith Stein y Teresa de Jesús / $9(OLS)http://pul/title/217719 996 $6260$aMadrid :$bUniversidad San Damaso$9(OLS)http://pul/publisher/86874